000 00898nam a22002537a 4500
005 20170123162339.0
010 _aA-392486
020 _c50.00
035 _aA-392486
037 _bCen Lib/Ret
040 _aDPL
_bUR
082 _a840.08
_bن ق و
100 _aنقوی، منظر عبّاس
_9108471
245 _aاسلوبیاتی مطالعے :
_cمنظر عبّاس نقوی
_bتنقیدی مضامین کا مجمع /
246 _aUsloobiati mutalae : tanqeedi majameen ka majmua /
_bby Manzar Abbas Naqvi
260 _aعلیگڑھ
_bایجوکیشنل بک ہاؤس
_c1989
270 _bعلیگڑھ
300 _a208p.
_c21cm(Hb)
650 _a ادب - اردو
_9126201
650 _a اردو مضمون تنقید
_9107857
650 _aLiterature -- Urdu
_9126202
650 _aUrdu essay criticism
_9126203
942 _2ddc
_cUR
_h840.8
_mن ق و
999 _c108369
_d108369